| 000 | 00683nam a2200193 a 4500 | ||
|---|---|---|---|
| 008 | 120416s1991 ||||||||||||||||| || u | ||
| 020 | _a0176036164 | ||
| 050 | _aZ 49 Sco | ||
| 100 | _aScott, Esther | ||
| 245 | 1 | 0 | _aElectronic communication: skills for the workplace |
| 260 |
_aScarborough, ON: _bNelson _c1991 |
||
| 300 | _a208p. : ill. | ||
| 350 | _a0.00 | ||
| 650 | _aWRITING | ||
| 650 | _aELECTRONIC DATA PROCESSING--KEYBOARDING | ||
| 650 | _aBUSINESS WRITING--DATA PROCESSING | ||
| 650 | _aTYPEWRITING | ||
| 995 |
_D0.00 _FCBU-MAIN LIBRARY (Kitwe) _H1 _I17.90 _M1 _UAVAILABLE _WApr 5, 2007 _ZAnnex Low-Usage Collection |
||
| 999 |
_c41529 _d41529 |
||